=LDR 00000nam 2200000 4500 =001 INLIS000000000035596 =005 20230116120643 =035 ##$$a 0010-061300000035596 =008 230116###########################0#ind## =041 ##$$a ind =082 ##$$a 392.5 =090 ##$$a 392.5 Per p =245 1#$$a Perempuan dalam sistem perkawinan dan perceraian di berbagai komunitas dan adat /$c Dra. Anik Farida, M.Hum, dkk =260 ##$$a Jakarta :$b Balai Penelitian dsn Pengembangan Agama Jakarta,$c 2007 =300 ##$$a ix,265 hlm ; $c 21 cm =650 #4$$a Perkawinan dan Upacara =850 ##$$a NBPNMAT =020 ##$$a 978-979-9099-44-0 =084 ##$$a 392.5 ANI p =100 #$$a Anik Farida =990 ##$$a 0001/BPAP-NTB/20142015 =990 ##$$a 0001/BPAP-NTB/20142015 =990 ##$$a 0001/BPAP-NTB/2016 =990 ##$$a 0001/BPAP-NTB/20142015 =990 ##$$a 0001/BPAP-NTB/20142015 =990 ##$$a 0001/BPAP-NTB/2016